[Event "SR 4. liga A21 2016/2017"]
[Site "?"]
[Date "2017.01.15"]
[Round "7.1"]
[White "Krchnak, Rudolf"]
[Black "Kanka, Tomas"]
[Result "1-0"]
[WhiteElo "1689"]
[BlackElo "1692"]
[PlyCount "80"]
[EventDate "2016.??.??"]

1. d4 Nf6 2. Nf3 d5 3. e3 e6 4. Nbd2 Bd6 5. Bd3 Nbd7 6. c3 c6 7. Qe2 O-O 8. O-O
Qc7 9. Re1 e5 10. e4 dxe4 11. Nxe4 Nxe4 12. Qxe4 f5 13. Qh4 e4 14. Bc4+ Kh8 15.
Ng5 Nf6 16. Ne6 Bxe6 17. Bxe6 Ng8 18. Bg5 Rae8 19. Bb3 h6 20. g3 Nf6 21. Re2
Nh7 22. Bd2 Be7 23. Qh5 Bd6 24. Rae1 Qd7 25. f3 Nf6 26. Qg6 b5 27. Bc2 a5 28.
fxe4 fxe4 29. Bxe4 Qg4 30. Qxg4 Nxg4 31. Bxc6 Rb8 32. Re8 b4 33. Rxf8+ Rxf8 34.
Re8 Rxe8 35. Bxe8 Nf6 36. Bc6 Kg8 37. Kg2 Kf7 38. Kf3 Ke6 39. c4 Bc7 40. Bf4
Bd8 1-0

[Event "SR 4. liga A21 2016/2017"]
[Site "?"]
[Date "2017.01.15"]
[Round "7.1"]
[White "Ralbovsky, Milan"]
[Black "Jancovicova, Petra"]
[Result "1/2-1/2"]
[WhiteElo "1512"]
[BlackElo "1669"]
[PlyCount "83"]
[EventDate "2016.??.??"]

1. e4 e5 2. Qh5 Nc6 3. Bc4 g6 4. Qf3 Nf6 5. d3 Bg7 6. Be3 d6 7. a3 O-O 8. h3
Be6 9. Nc3 Bxc4 10. dxc4 Nd4 11. Bxd4 exd4 12. Nd5 Nxe4 13. Ne2 Re8 14. Rd1 a6
15. O-O c6 16. Ndf4 Qa5 17. b4 Qb6 18. Qd3 Rad8 19. Rfe1 Ng5 20. Rd2 Ne6 21.
Red1 Nxf4 22. Nxf4 Bh6 23. g3 g5 24. Nh5 Re6 25. Re2 Bg7 26. Rde1 Rde8 27. g4
c5 28. Qd2 h6 29. Ng3 Qc6 30. Nf5 Qf3 31. Rxe6 Rxe6 32. Rxe6 fxe6 33. Nxd6 Qxh3
34. Qe2 e5 35. bxc5 Qxa3 36. Nxb7 Qb4 37. c6 a5 38. Nd8 Qb6 39. Nb7 Qxc6 40.
Nxa5 Qa4 41. Nb3 Qc6 42. c5 1/2-1/2

[Event "SR 4. liga A21 2016/2017"]
[Site "?"]
[Date "2017.01.15"]
[Round "7.1"]
[White "Madzo, Anton"]
[Black "Ralbovsky, Dominik"]
[Result "1/2-1/2"]
[WhiteElo "1499"]
[BlackElo "1000"]
[PlyCount "99"]
[EventDate "2016.??.??"]

1. Nf3 c5 2. c4 d6 3. g3 e5 4. Nc3 Nf6 5. d3 Be7 6. Bg2 O-O 7. O-O Nc6 8. Re1
Bd7 9. a3 a6 10. e4 h6 11. Bd2 Rb8 12. Rb1 b5 13. Nd5 Nxd5 14. exd5 Nd4 15.
Nxd4 cxd4 16. b4 Re8 17. Qb3 f6 18. Rbc1 Qb6 19. Rc2 Bf8 20. Rec1 Rbc8 21. h4
Bf5 22. cxb5 Rxc2 23. Rxc2 Qxb5 24. Be4 Bxe4 25. dxe4 Qe2 26. f3 d3 27. Rc3
Qxd2 28. Rxd3 Qc1+ 29. Kg2 Rb8 30. Rc3 Qd2+ 31. Kg1 Qd4+ 32. Kg2 a5 33. Rc4 a4
34. Qc2 Qa1 35. Qxa4 Qa2+ 36. Rc2 Ra8 37. Qxa8 Qxc2+ 38. Kf1 Qd3+ 39. Kf2 Qd4+
40. Kf1 Qe3 41. Kg2 Qe2+ 42. Kh3 Qxf3 43. Qe8 Qxa3 44. h5 Qxb4 45. Qe6+ Kh8 46.
Qf7 Qxe4 47. Qxf8+ Kh7 48. Qxd6 Qh1+ 49. Kg4 Qe4+ 50. Kh3 1/2-1/2

[Event "SR 4. liga A21 2016/2017"]
[Site "?"]
[Date "2017.01.15"]
[Round "7.2"]
[White "Sadlon, Juraj"]
[Black "Klimes, Karel"]
[Result "1/2-1/2"]
[WhiteElo "1872"]
[BlackElo "1633"]
[PlyCount "64"]
[EventDate "2016.??.??"]

1. e4 e5 2. Nf3 Nc6 3. Bb5 Nf6 4. O-O d6 5. Re1 Be7 6. c3 Bg4 7. d3 O-O 8. Nbd2
a6 9. Ba4 b5 10. Bc2 Nd7 11. h3 Be6 12. Nf1 f5 13. exf5 Bxf5 14. Bb3+ Kh8 15.
Ne3 Bg6 16. Nd5 Nc5 17. Nxe7 Nxe7 18. d4 Nxb3 19. Qxb3 Bf7 20. Qc2 Bg6 21. Qe2
e4 22. Bg5 Qd7 23. Nh4 Rae8 24. Bxe7 Rxe7 25. Qe3 Rf6 26. Re2 d5 27. f3 h6 28.
Rae1 Bh7 29. f4 Ref7 30. g3 Qxh3 31. Rh2 Qg4 32. Ng2 g5 1/2-1/2

[Event "SR 4. liga A21 2016/2017"]
[Site "?"]
[Date "2017.01.15"]
[Round "7.2"]
[White "Valigursky, Michal"]
[Black "Skapik, Branislav"]
[Result "1-0"]
[WhiteElo "1626"]
[BlackElo "1829"]
[PlyCount "77"]
[EventDate "2016.??.??"]

1. e4 d5 2. exd5 Nf6 3. Nf3 Nxd5 4. d4 e6 5. c3 c5 6. Be3 Nxe3 7. fxe3 Nc6 8.
Bb5 Bd7 9. d5 Ne7 10. dxe6 Bxb5 11. exf7+ Kxf7 12. Qb3+ Nd5 13. e4 Bc6 14. Ne5+
Ke8 15. O-O Qb6 16. exd5 Qxb3 17. axb3 Bxd5 18. c4 Be6 19. Nc3 Bd6 20. Rfe1 a6
21. Rad1 Rd8 22. Nc6 Bxh2+ 23. Kxh2 Rxd1 24. Nxd1 bxc6 25. Rxe6+ Kd7 26. Re3
Rf8 27. Kg3 Rf1 28. Nc3 g6 29. Rf3 Rh1 30. Ne4 Kc7 31. Nxc5 Kb6 32. Na4+ Kc7
33. Nc3 Kb6 34. Rf7 Kc5 35. Ra7 Kb6 36. Rd7 a5 37. Na4+ Ka6 38. Rc7 Ra1 39.
Rxc6+ 1-0

[Event "SR 4. liga A21 2016/2017"]
[Site "?"]
[Date "2017.01.15"]
[Round "7.2"]
[White "Pericka, Pavol"]
[Black "Wallner, Juraj"]
[Result "1/2-1/2"]
[WhiteElo "1815"]
[BlackElo "1566"]
[PlyCount "92"]
[EventDate "2016.??.??"]

1. e4 c5 2. Bc4 e6 3. Qe2 Nc6 4. Nf3 Be7 5. c3 d5 6. exd5 exd5 7. Bb5 Nf6 8.
Ne5 Bd7 9. Nxd7 Qxd7 10. O-O O-O 11. d3 Rfe8 12. Bf4 a6 13. Ba4 b5 14. Bc2 d4
15. Qf3 Bd6 16. Bxd6 Qxd6 17. Nd2 Ne5 18. Qg3 Nh5 19. Qg5 Nf6 20. Rae1 dxc3 21.
bxc3 Nxd3 22. Re3 Nf4 23. Ne4 Nxe4 24. Bxe4 Rab8 25. Rfe1 Ng6 26. h4 Kf8 27. h5
h6 28. Qf5 Re5 29. Qf3 Nh8 30. Rd1 Qf6 31. Qh3 Rbe8 32. Rf3 Qg5 33. Bc6 Re1+
34. Rxe1 Rxe1+ 35. Kh2 Qe5+ 36. g3 Qc7 37. Bd5 Re5 38. c4 f6 39. Be6 Nf7 40.
Rd3 Ng5 41. Rd7 Qxd7 42. Bxd7 Nxh3 43. Kxh3 Rxh5+ 44. Kg2 b4 45. f4 Ke7 46. Bc6
g5 1/2-1/2

[Event "SR 4. liga A21 2016/2017"]
[Site "?"]
[Date "2017.01.15"]
[Round "7.2"]
[White "Tomasovic, Roman"]
[Black "Mysicka, Miroslav"]
[Result "1-0"]
[WhiteElo "1583"]
[BlackElo "1690"]
[PlyCount "82"]
[EventDate "2016.??.??"]

1. b3 e5 2. Bb2 Nc6 3. e3 d5 4. Bb5 Qg5 5. Qf3 e4 6. Qg3 Qxg3 7. hxg3 a6 8.
Bxc6+ bxc6 9. f3 f5 10. d3 Nf6 11. Nd2 exd3 12. cxd3 Bd6 13. Kf2 O-O 14. Ne2 a5
15. Nd4 Bd7 16. Ne2 c5 17. Rhc1 Bb5 18. Nf4 Kf7 19. d4 cxd4 20. Bxd4 a4 21.
Bxf6 gxf6 22. Nxd5 c6 23. Nf4 Rfd8 24. Nc4 Bb4 25. a3 Be7 26. b4 Re8 27. Na5
Rac8 28. Rc2 Red8 29. Rac1 Rd6 30. Ne2 Bd8 31. Nb7 Rd3 32. Nd4 Rb8 33. Nd6+ Kg6
34. Rc3 Rd2+ 35. Kg1 Bb6 36. N6xf5 Re8 37. g4 h5 38. gxh5+ Kxh5 39. Ng7+ Kg6
40. Nxe8 c5 41. bxc5 Ba5 1-0

[Event "SR 4. liga A21 2016/2017"]
[Site "?"]
[Date "2017.01.15"]
[Round "7.2"]
[White "Brath, Zdeno"]
[Black "Vozarova, Adriana"]
[Result "0-1"]
[WhiteElo "1544"]
[BlackElo "1548"]
[PlyCount "79"]
[EventDate "2016.??.??"]

1. e4 e5 2. Bc4 Nf6 3. d3 Nc6 4. Nf3 Be7 5. Be3 O-O 6. Nc3 d6 7. h3 Na5 8. Bb3
Nxb3 9. axb3 a6 10. O-O c6 11. d4 Qc7 12. Ne2 Nxe4 13. c4 f5 14. Qc2 Be6 15. h4
f4 16. Nxf4 exf4 17. Qxe4 Bf5 18. Qxf4 Bd3 19. Qg4 Bxf1 20. Rxf1 Rae8 21. Bg5
Bxg5 22. Nxg5 Qc8 23. Qd1 Qf5 24. b4 b5 25. Qb3 Kh8 26. d5 bxc4 27. Qxc4 Qxd5
28. Qxd5 cxd5 29. Rd1 h6 30. Nf3 Rb8 31. Rxd5 Rxb4 32. Rxd6 Ra8 33. Rd2 a5 34.
Kf1 a4 35. g3 Rab8 36. Ne5 Rxb2 37. Rxb2 Rxb2 38. Nc4 Rb4 39. Na3 Rb3 40. Nc2
0-1

[Event "SR 4. liga A21 2016/2017"]
[Site "?"]
[Date "2017.01.15"]
[Round "7.3"]
[White "Diviak, Rastislav"]
[Black "Zlamal, Marek"]
[Result "1/2-1/2"]
[WhiteElo "1978"]
[BlackElo "1778"]
[PlyCount "32"]
[EventDate "2016.??.??"]

1. e4 e5 2. Nf3 d6 3. d4 exd4 4. Qxd4 Nf6 5. Nc3 Nc6 6. Bb5 Bd7 7. Bxc6 Bxc6 8.
Bg5 Be7 9. O-O-O O-O 10. Rhe1 Ng4 11. Bxe7 Qxe7 12. h3 Ne5 13. Nd5 Bxd5 14.
exd5 f6 15. Nh4 f5 16. g3 f4 1/2-1/2

[Event "SR 4. liga A21 2016/2017"]
[Site "?"]
[Date "2017.01.15"]
[Round "7.3"]
[White "Vach, Jozef"]
[Black "Ocko, Martin"]
[Result "1/2-1/2"]
[WhiteElo "1700"]
[BlackElo "1960"]
[PlyCount "65"]
[EventDate "2016.??.??"]

1. d4 Nf6 2. c4 g6 3. Nc3 Bg7 4. e4 d6 5. f3 O-O 6. Be3 Nc6 7. Qd2 e5 8. d5 Ne7
9. Bh6 Ne8 10. h4 f5 11. Bxg7 Kxg7 12. h5 f4 13. g4 g5 14. Qh2 h6 15. Nh3 Nf6
16. Bd3 c5 17. Qe2 Bd7 18. Nf2 a6 19. O-O Rb8 20. Rfc1 Qe8 21. a4 a5 22. Nb5
Bxb5 23. axb5 b6 24. Nd1 Neg8 25. Nc3 Rf7 26. Na4 Qd8 27. Qh2 Ra7 28. Qh3 Kh7
29. Kf2 Ne8 30. Rg1 Ngf6 31. Rh1 Nd7 32. Rag1 Nc7 33. Qf1 1/2-1/2

[Event "SR 4. liga A21 2016/2017"]
[Site "?"]
[Date "2017.01.15"]
[Round "7.3"]
[White "Danada, Ondrej"]
[Black "Kovarik, Oto"]
[Result "1-0"]
[WhiteElo "1882"]
[BlackElo "1786"]
[PlyCount "39"]
[EventDate "2016.??.??"]

1. e4 c5 2. Nf3 e6 3. g3 Nc6 4. Bg2 d6 5. O-O Nf6 6. Re1 Be7 7. c3 O-O 8. a4
Qc7 9. Qe2 d5 10. e5 Nd7 11. d3 b6 12. Bf4 a5 13. h4 Ba6 14. Nbd2 Rac8 15. Nf1
Rfd8 16. Ng5 Nf8 17. Qh5 Bxd3 18. Qxf7+ Kh8 19. Nxe6 Bg6 20. Qxg7# 1-0

[Event "SR 4. liga A21 2016/2017"]
[Site "?"]
[Date "2017.01.15"]
[Round "7.3"]
[White "Stasek, Daniel"]
[Black "Trojkova, Michaela"]
[Result "1/2-1/2"]
[WhiteElo "1639"]
[BlackElo "1710"]
[PlyCount "91"]
[EventDate "2016.??.??"]

1. e4 c5 2. c3 d5 3. exd5 Qxd5 4. d4 cxd4 5. Qxd4 Qxd4 6. cxd4 Nc6 7. Nf3 Nf6
8. Bb5 a6 9. Bxc6+ bxc6 10. O-O e6 11. Nbd2 Nd5 12. Nb3 a5 13. Bd2 a4 14. Na5
c5 15. dxc5 Bxc5 16. Rac1 Bb4 17. Bxb4 Nxb4 18. Nc6 Nxc6 19. Rxc6 Bd7 20. Rc7
Rc8 21. Rfc1 O-O 22. Rxc8 Rxc8 23. Rxc8+ Bxc8 24. Kf1 Kf8 25. g3 h6 26. Ke2
Ba6+ 27. Kd2 Bc4 28. a3 Ke7 29. Kc3 Bd5 30. Nd2 Kd6 31. Kb4 Bc6 32. b3 axb3 33.
Kxb3 Ke5 34. Kc3 f5 35. Kd3 g5 36. Nc4+ Kd5 37. Nd2 e5 38. Ke3 Kc5 39. Kd3 e4+
40. Ke3 g4 41. Nb3+ Kd5 42. Nd4 Bd7 43. a4 Ke5 44. a5 Bc8 45. Nc6+ Kd6 46. Nd4
1/2-1/2

[Event "SR 4. liga A21 2016/2017"]
[Site "?"]
[Date "2017.01.15"]
[Round "7.3"]
[White "Ulehla, Jakub"]
[Black "Stehlik, Jan"]
[Result "1-0"]
[WhiteElo "1616"]
[BlackElo "1598"]
[PlyCount "45"]
[EventDate "2016.??.??"]

1. e4 e5 2. Nf3 Nc6 3. Bb5 a6 4. Ba4 Nf6 5. O-O d6 6. Re1 b5 7. Bb3 Na5 8. d4
Nxb3 9. axb3 exd4 10. e5 dxe5 11. Nxe5 Be7 12. Nc6 Qd6 13. Nxe7 Kf8 14. Nxc8
Rxc8 15. Bg5 c5 16. Bxf6 Qxf6 17. Qg4 Rc7 18. Qe4 Qd8 19. Rxa6 Rc8 20. Ra7 g6
21. Qf4 Qd5 22. Re5 Re8 23. Qh6+ 1-0

[Event "SR 4. liga A21 2016/2017"]
[Site "?"]
[Date "2017.01.15"]
[Round "7.4"]
[White "Lanik, Miroslav"]
[Black "Kubis, Ivan"]
[Result "0-1"]
[WhiteElo "1869"]
[BlackElo "1903"]
[PlyCount "76"]
[EventDate "2016.??.??"]

1. e4 e5 2. Nf3 Nc6 3. Bb5 a6 4. Ba4 Nf6 5. d3 d6 6. h3 b5 7. Bb3 Na5 8. O-O
Nxb3 9. axb3 g6 10. Bg5 h6 11. Bxf6 Qxf6 12. Nc3 Bb7 13. Qe2 Bg7 14. d4 O-O 15.
d5 Qe7 16. Rfe1 Rfe8 17. Na2 f5 18. exf5 gxf5 19. c4 Qf6 20. Rad1 Qf7 21. Nb4
a5 22. Nc6 Bxc6 23. dxc6 bxc4 24. bxc4 Reb8 25. Rd5 a4 26. Qc2 Rb4 27. Ra1 Rab8
28. Rb5 e4 29. Rxb8+ Rxb8 30. Nh2 Rxb2 31. Qxa4 Bd4 32. Rf1 e3 33. Nf3 exf2+
34. Kh1 Bc5 35. Qa8+ Qf8 36. Qa1 Re2 37. Qc3 Qe7 38. g3 Re3 0-1

[Event "SR 4. liga A21 2016/2017"]
[Site "?"]
[Date "2017.01.15"]
[Round "7.4"]
[White "Valla, Tomas"]
[Black "Tokos, Rastislav"]
[Result "1/2-1/2"]
[WhiteElo "1855"]
[BlackElo "1803"]
[PlyCount "82"]
[EventDate "2016.??.??"]

1. e4 c5 2. c3 Nf6 3. Bd3 Nc6 4. Nf3 d6 5. Bc2 Bg4 6. d4 cxd4 7. cxd4 Bxf3 8.
gxf3 Qb6 9. Ba4 O-O-O 10. Bxc6 bxc6 11. Nc3 g6 12. Qd3 Bg7 13. Be3 Nd7 14. Rc1
Kb7 15. b4 Rc8 16. Rb1 a6 17. a4 Kc7 18. O-O Qb7 19. Qc4 e6 20. Rfc1 Kd8 21.
Qd3 Ke7 22. b5 axb5 23. axb5 c5 24. Bg5+ f6 25. Be3 Rhd8 26. Rb2 c4 27. Qc2 d5
28. exd5 exd5 29. Bf4 Kf7 30. Rcb1 Nb6 31. Rb4 Bf8 32. R4b2 Bd6 33. Bg3 Rc7 34.
Ra2 Re7 35. Rba1 Qb8 36. Kg2 h5 37. Ra6 Bxg3 38. hxg3 Rdd7 39. Qa2 Rd6 40. Qa3
Rde6 41. Qc5 Qd6 1/2-1/2

[Event "SR 4. liga A21 2016/2017"]
[Site "?"]
[Date "2017.01.15"]
[Round "7.4"]
[White "Fidericky, Milan"]
[Black "Zajicek, Ferdinand"]
[Result "0-1"]
[WhiteElo "1748"]
[BlackElo "1779"]
[PlyCount "90"]
[EventDate "2016.??.??"]

1. e4 c5 2. f4 Nc6 3. Nf3 d6 4. Nc3 g6 5. Be2 Bg7 6. O-O Nf6 7. h3 O-O 8. d3
Nh5 9. Qe1 f5 10. exf5 gxf5 11. Qh4 Qe8 12. Nd5 Qg6 13. Ng5 Nf6 14. Nxf6+ Rxf6
15. Bh5 Qh6 16. Bd2 Bd7 17. g4 Be8 18. Rae1 Bxh5 19. gxh5 Rg6 20. Re2 Bf6 21.
Rg2 Rg7 22. Kh1 Kh8 23. Rfg1 Nd4 24. Rf1 Nxc2 25. Rfg1 Nd4 26. Bc3 Rf8 27. Bxd4
cxd4 28. Kh2 b6 29. Qe1 e5 30. Ne6 Rxg2+ 31. Rxg2 Re8 32. Ng5 Qxh5 33. Qf2 Rg8
34. Ne6 Rxg2+ 35. Qxg2 Qe8 36. Qd5 exf4 37. Qxd6 f3 38. Kg3 h6 39. Qf8+ Qxf8
40. Nxf8 Kg7 41. Nd7 Be7 42. Kxf3 Bd6 43. b4 Kf7 44. a4 Ke7 45. Nxb6 axb6 0-1

[Event "SR 4. liga A21 2016/2017"]
[Site "?"]
[Date "2017.01.15"]
[Round "7.4"]
[White "Kastler, Peter"]
[Black "Barcaj, Jaroslav"]
[Result "1-0"]
[WhiteElo "1744"]
[BlackElo "1681"]
[PlyCount "78"]
[EventDate "2016.??.??"]

1. d4 e6 2. c4 b6 3. Nc3 Nf6 4. Nf3 Bb7 5. e3 Ne4 6. Nxe4 Bxe4 7. Be2 Nc6 8.
O-O Nb4 9. Bd2 Nd3 10. Bc3 Nb4 11. a3 Na6 12. Rc1 c5 13. d5 Qc7 14. dxe6 dxe6
15. Qa4+ Bc6 16. Qxa6 Bd6 17. b4 Rd8 18. b5 Be4 19. Qa4 O-O 20. h3 f6 21. Rfd1
e5 22. Rd2 Rf7 23. Rcd1 Rfd7 24. Ne1 g5 25. Bf3 Bg6 26. Bc6 Re7 27. e4 h5 28.
Nc2 Rh7 29. Ne3 Kg7 30. Nf5+ Bxf5 31. exf5 h4 32. Qc2 Rhh8 33. Rd5 Kh6 34. R1d2
Qe7 35. Qd1 Bc7 36. Rxd8 Rxd8 37. Rxd8 Bxd8 38. Qd7 Kh5 39. Qe8+ Kh6 1-0

[Event "SR 4. liga A21 2016/2017"]
[Site "?"]
[Date "2017.01.15"]
[Round "7.4"]
[White "Bendzela, Tibor"]
[Black "Papanek, Lubomir"]
[Result "0-1"]
[WhiteElo "1683"]
[BlackElo "1647"]
[PlyCount "158"]
[EventDate "2016.??.??"]

1. e4 e5 2. d4 exd4 3. Qxd4 Nc6 4. Qe3 Qe7 5. Nc3 Nf6 6. Bd2 Nb4 7. O-O-O Qc5
8. Qf3 d6 9. h3 Qh5 10. Qg3 Bd7 11. a3 Nc6 12. Be2 Qg6 13. Qxg6 hxg6 14. Nf3
O-O-O 15. Ng5 Be6 16. f4 Nh7 17. Nxe6 fxe6 18. Be3 a6 19. g4 Be7 20. g5 Nf8 21.
h4 Nd7 22. h5 gxh5 23. Bxh5 Rdf8 24. Bg4 Nd8 25. f5 Ne5 26. Bh3 Nc4 27. Bf2
Bxg5+ 28. Kb1 exf5 29. Bxf5+ Kb8 30. Bd4 Bf6 31. Rxh8 Rxh8 32. Bxf6 gxf6 33.
Nd5 Rf8 34. Rh1 c6 35. Ne7 Ne5 36. Rh6 Kc7 37. a4 Re8 38. Rh7 Ndf7 39. Ng6 Kb6
40. Nf4 Re7 41. Ng6 Rc7 42. Nh8 a5 43. Rh1 Nxh8 44. Rxh8 d5 45. Rh6 dxe4 46.
Bxe4 Rf7 47. Rh5 Nc4 48. Bd3 Nd6 49. c4 Kc7 50. c5 Nc8 51. Bf5 Ne7 52. Kc2 Nxf5
53. Rxf5 Kd7 54. Kd3 Ke6 55. Ke4 Rd7 56. Rf2 Rd1 57. b3 Re1+ 58. Kd4 f5 59. Kd3
Ke5 60. Kd2 Re4 61. Kd3 f4 62. Kc3 Re3+ 63. Kc4 f3 64. b4 Ke4 65. bxa5 Re2 66.
Rf1 f2 67. a6 bxa6 68. Kb4 Ke3 69. Ka5 Rb2 70. Kxa6 Ke2 71. Ra1 f1=Q 72. Rxf1
Kxf1 73. a5 Rb5 74. Ka7 Ke2 75. a6 Kd3 76. Ka8 Kd4 77. a7 Ra5 78. Kb7 Rxa7+ 79.
Kxa7 Kxc5 0-1

[Event "SR 4. liga A21 2016/2017"]
[Site "?"]
[Date "2017.01.15"]
[Round "7.5"]
[White "Curidlo, Jan"]
[Black "Ganzova, Veronika"]
[Result "1-0"]
[WhiteElo "1894"]
[BlackElo "1738"]
[PlyCount "47"]
[EventDate "2016.??.??"]

1. e4 e5 2. Nf3 Nc6 3. Bb5 a6 4. Ba4 Nf6 5. d3 d6 6. h3 Be7 7. c3 O-O 8. Be3 b5
9. Bc2 Bb7 10. O-O Re8 11. Re1 a5 12. Nbd2 Bf8 13. Bg5 g6 14. d4 Bg7 15. Nf1
Qd7 16. a4 Na7 17. axb5 exd4 18. Bxf6 Bxf6 19. Nxd4 Nc8 20. Bd3 Nb6 21. Nh2 d5
22. Ng4 Qd6 23. Nh6+ Kg7 24. Ndf5+ 1-0

[Event "SR 4. liga A21 2016/2017"]
[Site "?"]
[Date "2017.01.15"]
[Round "7.5"]
[White "Sottnik, Filip"]
[Black "Musaev, Urmat"]
[Result "0-1"]
[WhiteElo "1714"]
[BlackElo "1742"]
[PlyCount "78"]
[EventDate "2016.??.??"]

1. e4 c5 2. Nf3 d6 3. Nc3 Nf6 4. d4 cxd4 5. Nxd4 a6 6. h3 e6 7. a3 Be7 8. Be3
b5 9. Be2 Bb7 10. Bf3 Nbd7 11. Nde2 Ne5 12. Ng3 Nxf3+ 13. Qxf3 Qc7 14. Bf4 O-O
15. O-O Rac8 16. Rac1 Qb6 17. Be3 Qa5 18. Bd2 Rfd8 19. Nd5 Qxd2 20. Nxe7+ Kf8
21. Nxc8 Bxc8 22. e5 Nd5 23. Ne4 Qh6 24. Nxd6 Qg6 25. c3 Bd7 26. h4 Be8 27. g3
h5 28. Rcd1 Bc6 29. Qd3 Qg4 30. Ne4 Rc8 31. f3 Qg6 32. Nd6 Qxg3+ 33. Kh1 Qxh4+
34. Kg1 Qg3+ 35. Kh1 Nf4 36. Qc2 Bxf3+ 37. Rxf3 Qxf3+ 38. Kg1 Ne2+ 39. Kh2 Qf2+
0-1

[Event "SR 4. liga A21 2016/2017"]
[Site "?"]
[Date "2017.01.15"]
[Round "7.5"]
[White "Musaev, Matej Elbek"]
[Black "Lackovic, Marek"]
[Result "1-0"]
[WhiteElo "1696"]
[BlackElo "1648"]
[PlyCount "63"]
[EventDate "2016.??.??"]

1. e4 c5 2. Nf3 d6 3. d4 cxd4 4. Nxd4 Nf6 5. Nc3 a6 6. a4 e6 7. Be2 Be7 8. O-O
Bd7 9. Be3 Nc6 10. Nb3 O-O 11. f3 e5 12. Nd2 Be6 13. Nc4 Bxc4 14. Bxc4 Qc7 15.
Qe1 Rfd8 16. Qf2 Rd7 17. Bb3 Nb4 18. Rfd1 Rc8 19. a5 Qb8 20. Na4 Rdc7 21. c3
Nc6 22. Bb6 Rd7 23. Ba2 Bd8 24. b4 Bc7 25. Bxc7 Rcxc7 26. Nb6 Rd8 27. Rdb1 Na7
28. c4 Nc8 29. b5 axb5 30. cxb5 Nxb6 31. Qxb6 Ne8 32. Bd5 1-0

[Event "SR 4. liga A21 2016/2017"]
[Site "?"]
[Date "2017.01.15"]
[Round "7.5"]
[White "Dzurjaninova, Hana"]
[Black "Nedorost, Lubomir"]
[Result "1-0"]
[WhiteElo "1687"]
[BlackElo "1650"]
[PlyCount "59"]
[EventDate "2016.??.??"]

1. e4 c5 2. Nf3 d6 3. d4 cxd4 4. Nxd4 Nc6 5. Nc3 g6 6. Be3 Bg7 7. Be2 Nf6 8.
O-O O-O 9. Nb3 Nd7 10. Qd2 f5 11. Bc4+ Kh8 12. exf5 Rxf5 13. Nd4 Nxd4 14. Bxd4
Ne5 15. Bb3 e6 16. Ne4 b6 17. f4 Nf7 18. Bxg7+ Kxg7 19. Qc3+ Kf8 20. g4 Ra5 21.
Ng5 h6 22. Nxe6+ Bxe6 23. Bxe6 Rc5 24. Qb3 Rc7 25. f5 Qg5 26. Qf3 Ne5 27. Qxa8+
Ke7 28. Qg2 Nxg4 29. Rae1 Kf6 30. fxg6+ 1-0

[Event "SR 4. liga A21 2016/2017"]
[Site "?"]
[Date "2017.01.15"]
[Round "7.5"]
[White "Stolar, Michal"]
[Black "Ganz, Tomas"]
[Result "1-0"]
[WhiteElo "1630"]
[BlackElo "1334"]
[PlyCount "105"]
[EventDate "2016.??.??"]

1. e4 e5 2. Nf3 Nc6 3. Bc4 d6 4. a3 Bg4 5. d3 Nd4 6. Nbd2 Be7 7. c3 Nxf3+ 8.
Nxf3 Nf6 9. h3 Bh5 10. Qa4+ c6 11. Qd1 Qd7 12. Be3 O-O 13. g4 Bg6 14. Nh4 b5
15. Ba2 Qc7 16. Nxg6 hxg6 17. Bg5 Nh7 18. Bxe7 Qxe7 19. Qf3 Rac8 20. h4 Nf6 21.
O-O-O c5 22. h5 c4 23. hxg6 fxg6 24. Qe2 Kf7 25. dxc4 Qe6 26. f3 bxc4 27. Qe3
Rc7 28. Rd2 Rd8 29. Qe2 Ke7 30. Rhd1 Qf7 31. Qe3 Nh7 32. g5 Nf8 33. Qe2 Rc6 34.
Kc2 Nd7 35. Qe3 Nc5 36. Rd5 Rd7 37. Bxc4 Qe8 38. Bb5 Rb6 39. Bxd7 Nxd7 40. Qd3
Qb8 41. b4 Nc5 42. Qc4 Ne6 43. Rg1 Qb7 44. Rdd1 Rc6 45. Qd5 Nd4+ 46. Rxd4 exd4
47. Qxd4 Kf8 48. Rh1 Qa6 49. Rh8+ Kf7 50. Kb3 Rc7 51. Qd5+ Ke7 52. Qg8 Kd7 53.
Qe8# 1-0

[Event "SR 4. liga A21 2016/2017"]
[Site "?"]
[Date "2017.01.15"]
[Round "7.6"]
[White "Slaby, Jozef"]
[Black "Blatnicky, Miroslav"]
[Result "0-1"]
[WhiteElo "1754"]
[BlackElo "2112"]
[PlyCount "84"]
[EventDate "2016.??.??"]

1. Nf3 d5 2. c4 c6 3. e3 Nf6 4. Nc3 e6 5. Be2 Be7 6. O-O O-O 7. d4 Nbd7 8. Qc2
a6 9. e4 dxe4 10. Nxe4 Nxe4 11. Qxe4 Nf6 12. Qc2 c5 13. Be3 Qc7 14. Rac1 b6 15.
Rfd1 Bb7 16. a3 a5 17. Qb1 Rfd8 18. dxc5 bxc5 19. Rxd8+ Rxd8 20. Rd1 Ng4 21.
Rxd8+ Bxd8 22. h3 Bxf3 23. hxg4 Bxe2 24. Qe4 h5 25. Bf4 e5 26. Bxe5 Qe7 27.
Qxe2 f6 28. gxh5 Qxe5 29. Qg4 Qe1+ 30. Kh2 Bc7+ 31. f4 Qe7 32. h6 g5 33. g3 Kh7
34. fxg5 fxg5 35. Qh5 Qf6 36. Kg2 Qxb2+ 37. Kh3 Qf6 38. Kg2 Be5 39. Qh3 Bd4 40.
Qd7+ Kxh6 41. Qh3+ Kg6 42. Qd7 Qf2+ 0-1

[Event "SR 4. liga A21 2016/2017"]
[Site "?"]
[Date "2017.01.15"]
[Round "7.6"]
[White "Miciak, Emanuel"]
[Black "Slaba, Andrea"]
[Result "1/2-1/2"]
[WhiteElo "1861"]
[BlackElo "1801"]
[PlyCount "88"]
[EventDate "2016.??.??"]

1. d4 g6 2. c4 Bg7 3. e4 d6 4. Nc3 Nf6 5. f3 O-O 6. Be3 e5 7. d5 Ne8 8. Bd3 f5
9. Nge2 f4 10. Bf2 Qg5 11. Rg1 Qh5 12. h3 b6 13. Qd2 a5 14. Nb5 Na6 15. Nec3
Bd7 16. Rc1 Nc5 17. Bc2 Qg5 18. b3 Qe7 19. Ke2 Qd8 20. Rgd1 Nf6 21. a3 Nh5 22.
b4 axb4 23. axb4 Bxb5 24. Nxb5 Nd7 25. Bb3 Ng3+ 26. Ke1 Nh1 27. Ra1 Rxa1 28.
Rxa1 Nxf2 29. Qxf2 Bf6 30. Ke2 Bh4 31. Qg1 Nf6 32. Ra7 Ne8 33. c5 bxc5 34. bxc5
Rf7 35. Bc4 Kg7 36. Ra6 Rd7 37. Na7 Qb8 38. Nb5 Qd8 39. Ra7 Rf7 40. Rb7 Qc8 41.
Ra7 Qd8 42. Qa1 Qg5 43. Qf1 Qd8 44. Qg1 Rd7 1/2-1/2

[Event "SR 4. liga A21 2016/2017"]
[Site "?"]
[Date "2017.01.15"]
[Round "7.6"]
[White "Vagovic, Milan"]
[Black "Smrek, Peter"]
[Result "1/2-1/2"]
[WhiteElo "1638"]
[BlackElo "1779"]
[PlyCount "109"]
[EventDate "2016.??.??"]

1. d4 g6 2. Nf3 Bg7 3. e4 d6 4. Bc4 Nf6 5. Nc3 c6 6. O-O b5 7. Bd3 b4 8. Ne2 a5
9. a4 Na6 10. c4 c5 11. d5 Bg4 12. Ng3 Nd7 13. h3 Bxf3 14. Qxf3 Ne5 15. Qd1
Nxd3 16. Qxd3 Qd7 17. Qb3 O-O-O 18. f4 f5 19. Kh1 h5 20. Re1 h4 21. Nf1 fxe4
22. Rxe4 Rdf8 23. Bd2 Rf7 24. Nh2 Bf6 25. Ng4 Nc7 26. Rae1 Bg7 27. Bc1 Ne8 28.
Qe3 Bf8 29. b3 Rh5 30. Re6 Ng7 31. Rxg6 Nf5 32. Qf3 Ng3+ 33. Kg1 Qf5 34. Rge6
Qc2 35. Qd1 Qxd1 36. Rxd1 Bg7 37. Rde1 Kd8 38. Bd2 Bd4+ 39. Kh2 Rhh7 40. Rg6
Nh5 41. Rf1 Ng7 42. Rf3 Nf5 43. Rg8+ Kc7 44. Ra8 Kb6 45. Rg8 Bg7 46. Bc1 Bc3
47. Be3 Nxe3 48. Nxe3 Be1 49. Nf1 Rf5 50. Rg6 Kc7 51. Re6 Bc3 52. Ne3 Rf8 53.
Ng4 Kd7 54. g3 hxg3+ 55. Kxg3 1/2-1/2

[Event "SR 4. liga A21 2016/2017"]
[Site "?"]
[Date "2017.01.15"]
[Round "7.6"]
[White "Bjel, Jan"]
[Black "Piestansky, Jan"]
[Result "1-0"]
[WhiteElo "1816"]
[BlackElo "1651"]
[PlyCount "81"]
[EventDate "2016.??.??"]

1. e4 e5 2. Nf3 d6 3. d4 exd4 4. Nxd4 h6 5. Bc4 Nf6 6. O-O Be7 7. Nc3 O-O 8.
Nd5 Nxd5 9. exd5 Bf6 10. Re1 Re8 11. Be3 Nd7 12. Qd2 Ne5 13. Bb3 Ng6 14. c3 Bd7
15. Bc2 a6 16. Re2 Bxd4 17. Qxd4 Qc8 18. Rae1 Rf8 19. Bxh6 gxh6 20. Qf6 Be8 21.
Bf5 Qd8 22. Re7 Nxe7 23. Rxe7 Qxe7 24. Qxe7 Kg7 25. Qxc7 Bb5 26. Qxd6 Rae8 27.
g3 Re1+ 28. Kg2 Rfe8 29. Qb6 R8e5 30. Qd4 f6 31. g4 Bf1+ 32. Kg3 Be2 33. d6
Rg1+ 34. Kh4 h5 35. f3 Rh1 36. d7 hxg4 37. d8=Q Rxh2+ 38. Kxg4 Bxf3+ 39. Kxf3
Rxf5+ 40. Kg3 Rhh5 41. Q4d7+ 1-0

[Event "SR 4. liga A21 2016/2017"]
[Site "?"]
[Date "2017.01.15"]
[Round "7.6"]
[White "Kuracina, Lubomir"]
[Black "Kincel, Jan"]
[Result "0-1"]
[WhiteElo "1509"]
[BlackElo "1980"]
[PlyCount "46"]
[EventDate "2016.??.??"]

1. e4 c5 2. f4 e6 3. Nf3 Nc6 4. Be2 d6 5. c4 Nf6 6. d3 g6 7. Nc3 Bg7 8. O-O O-O
9. Rb1 a6 10. a3 Bd7 11. Be3 Ng4 12. Bd2 f5 13. h3 Nf6 14. e5 dxe5 15. fxe5 Nh5
16. g4 Ng3 17. Bg5 Qc7 18. Bf4 Nxf1 19. Qxf1 fxg4 20. Ng5 Bxe5 21. Bxg4 Bxf4
22. Bxe6+ Bxe6 23. Nxe6 Bh2+ 0-1